Statistiques concernant Quiz Stray jeu vidéo

Cliquez ici pour prendre le quiz!

Statistiques générales

  • Ce quiz a été pris 4 fois
  • Le résultat moyen est 5 sur 10

Statistiques - réponses

QuestionRéponse% Correct
En quelle année est sorti Stray pour la première fois ?2022
100%
Quelle est l'espece du personnage que l'on contrôle ?Un chat
100%
Quand est sorti Stray sur Xbox ?10 août 2023
67%
Combien y a t'il de succès ou trophes dans le jeu25
67%
Combien de temps faut t-il maximum pour avoir le succès
ou trophes "Je suis rapide" (speedrun)
2 heures
67%
De quelle couleur est le pelage du chat que l'on contrôle ?Roux
67%
Comment s'appelle le drone qui nous accompagne
et nous aide au cours de l'aventure ?
B12
33%
Que sont les Compagnons ?Des robots
33%
Qui sont les editeurs de Stray ?Annapruna interactive
0%
Qui a développée StrayBlue twelve studios
0%

Distribution des résultats

Percentile par nombre de réponses

% des personnes avec chaque résultat

Votre développement - résultats

Vous n’avez pas pris ce quiz